000 00604nam a2200193Ia 4500
005 20250508155103.0
008 008 250505s9999 xx 000 0 eng d
037 _aBooks to be hide in OPAC
040 _aFEDL
_beng
_cFEDL
041 _aeng
_2eng
084 _a371.4, NCE/O
_qFEDL
245 0 _aStudy of integrated syllabi
245 0 _cNCERT (New Delhi India)
260 _aNew Delhi, India
_bNational Council of Educational Research and Training
_c1967
300 _a59p
650 _aEducational Guidance and Counseling
942 _cHB
_h371.4, NCE/O
999 _c1354050
_d1354050